Halkodaları talimatnamesi (Record no. 5213)

MARC details
000 -BAŞLIK
Sabit Uzunlukta Kontrol Alanı 00944na a2200265 4500
001 - KONTROL NUMARASI
Denetim Alanı 22302
003 - KONTROL NUMARASI IDENTIFIER
Denetim Alanı MIRAKIL
005 - SON İŞLEM TARİHİ VE ZAMANI
Denetim Alanı 20181213155030.0
008 - SABİT-BOY VERİ ELEMANLARI - GENEL BİLGİLER
Sabit Uzunlukta Kontrol Alanı 170213b tu 000 0
035 ## - SİSTEM KONTROL NUMARASI
Sistem Kontrol Numarası 18165
040 ## - KATALOGLAMA KAYNAK
Orijinal Kataloglama Ajansı Milas
Kataloglama Dili tur
Metne Dönüştürmek Ajansı TR-AnCHP
041 ## - DİL KODU
Metin / Ses Parça Veya Ayrı Başlığın Dil Kodu tur
082 ## - DEWEY ONLU SINIFLANDIRMA NUMARASI
Sınıflandırma Numarası Halkevleri 366
Ürün Numarası C36h 1939
090 ## - SINIFLAMA NUMARASI
Sınıflama Numarası Halkevleri 366 C36h 1939
110 ## - ANA GİRİŞ - KURUMSAL ADI
Giriş Elemanı Olarak Kurumsal Ad Veya Yargı Alanı Adı Cumhuriyet Halk Partisi (CHP)
Alt Birim Halkodaları
245 ## - BAŞLIK TABLOSU
Başlık Halkodaları talimatnamesi
Başlığın Kalan Umumi İdare Heyeti tarafından hazırlanmış ve 8 Ağustos 1939 tarihinde Parti Genel Başkanlık divanınca tasdik edilmiştir
Sorumluluk Tablosu, Vb C.H.P.
246 ## - UNVAN FORM VARYING
Başlık Doğru / Kısa Başlığı C.H.P. Halkodaları talimatnamesi
260 ## - YAYIN, DAĞITIM, VB
Yayın, Dağıtım, Vb Yeri Ankara
Yayıncı, Dağıtıcı, Vs Adı Ulus Basımevi
Yayın, Dağıtım, Vb Tarihi 1939
300 ## - FİZİKSEL TANIM
Kapsam 8 s.
Boyutlar 19 sm.
610 ## - KONU KATMA GİRİŞ - TOPLANTI ADI
Giriş Elemanı Olarak Kurumsal Ad Veya Yargı Alanı Adı CHP
Genel Alt Bölüm Yönetmelikler, 1939
Kronolojik Alt Bölüm Halkodaları
650 ## - KONU KATMA GİRİŞ - TOPİKAL DÖNEM
Topikal Süreli Veya Coğrafi Ad Giriş Elemanı Halkevleri
Genel Alt Bölümü Yönetmelikler, 1939
650 ## - KONU KATMA GİRİŞ - TOPİKAL DÖNEM
Topikal Süreli Veya Coğrafi Ad Giriş Elemanı Halkodaları
Genel Alt Bölümü Örgütlenme
-- Yönetim
Kronolojik Alt Bölümü Yönetmelikler, 1939
942 ## - EKLENDİ GİRİŞ ELEMANLARI (KOHA)
Sınıflandırma Veya Raf Düzeni Kaynak Dewey Decimal Classification
Koha Öğesi Türü Books
999 ## - SİSTEM KONTROL NUMARALARI (KOHA)
Koha Biblionumber 5213
Koha Biblioitemnumber 5213
Holdings
Kalıcı Konum Mevcut Konum Edinme Tarihi Edinim Kaynak Toplam Check-Out'Lar Tam Çağrı Numarası Barkod Tarih Son Görülme İtibaren Geçerli Fiyatlar Koha Öğesi Türü
CHP Kütüphanesi CHP Kütüphanesi 02/13/2017 Bağış   Halkevleri 366 C36h 1939 016013 02/13/2017 02/13/2017 Books